Statistics for US Cities That Start With J

Click here to take the quiz!

General Stats

  • This quiz has been taken 1,068 times
  • The average score is 28 of 60

Answer Stats

2010 PopulationUS city% Correct
5,228Jackson, AL
96%
5,045Jackson, GA
96%
33,534Jackson, MI
96%
13,758Jackson, MO
96%
173,514Jackson, MS
96%
6,397Jackson, OH
96%
65,211Jackson, TN
96%
6,753Jackson, WI
96%
9,577Jackson, WY
96%
12,548Jacksonville, AL
89%
28,364Jacksonville, AR
89%
821,784Jacksonville, FL
89%
19,446Jacksonville, IL
89%
70,145Jacksonville, NC
89%
14,544Jacksonville, TX
89%
9,432Jefferson, GA
64%
7,973Jefferson, WI
64%
15,427Jamestown, ND
60%
31,146Jamestown, NY
60%
43,079Jefferson City, MO
56%
8,047Jefferson City, TN
56%
31,275Juneau, AK
54%
247,597Jersey City, NJ
50%
147,433Joliet, IL
50%
15,174Johnson City, NY
45%
63,152Johnson City, TN
45%
67,263Jonesboro, AR
45%
5,470Jordan, MN
45%
14,352Jasper, AL
42%
15,038Jasper, IN
42%
7,590Jasper, TX
42%
17,278Johnston, IA
40%
50,150Joplin, MO
38%
9,887Johnstown, CO
37%
8,743Johnstown, NY
37%
20,978Johnstown, PA
37%
55,156Jupiter, FL
35%
44,953Jeffersonville, IN
31%
63,575Janesville, WI
30%
5,910Joshua, TX
24%
76,728Johns Creek, GA
21%
23,353Junction City, KS
19%
5,392Junction City, OR
19%
10,383Jennings, LA
18%
14,712Jennings, MO
18%
10,890Jerome, ID
18%
26,595Jeffersontown, KY
16%
12,926Justice, IL
16%
8,465Jerseyville, IL
14%
21,362Jacksonville Beach, FL
12%
5,915Jamesburg, NJ
12%
6,337Johnsburg, IL
11%
5,051Jonesborough, TN
10%
16,924Jenks, OK
9%
10,214Jesup, GA
9%
10,553Jacinto City, TX
7%
10,619Jefferson Hills, PA
7%
7,620Jersey Village, TX
7%
9,654Jeannette, PA
6%
5,530Jeanerette, LA
5%

Score Distribution

Percentile by Number Answered

Percent of People with Each Score

Your Score History

You have not taken this quiz